000 00362 a2200121 4500
001 ART_14611
005 20260410161912.0
008 260409a
245 1 0 _aSupply and demand of the multiproduct firm
100 1 _aLaitinen, Kenneth
700 1 _aTheil, Henri
773 0 _tEuropean economic review
_g- Vol. 11, NÂș 2 (ago. 1978)
_wREV13346
999 _c26949
_d26949